| 000 | 01383nam a2200349Ia 4500 | ||
|---|---|---|---|
| 001 | ebr10153072 | ||
| 003 | CaPaEBR | ||
| 006 | m u | ||
| 007 | cr cn||||||||| | ||
| 008 | 930226s1993 bcca sb 001 0ceng d | ||
| 010 | _z 93091229 | ||
| 015 | _aC93-91229-2 | ||
| 020 | _z0774804432 : | ||
| 040 |
_aCaPaEBR _cCaPaEBR |
||
| 035 | _a(OCoLC)191943833 | ||
| 050 | 1 | 4 |
_aHE769 _b.S244 1993eb |
| 100 | 1 |
_aSager, Eric W., _d1946- |
|
| 245 | 1 | 0 |
_aShips and memories _h[electronic resource] : _bmerchant seafarers in Canada's age of steam / _cEric W. Sager. |
| 260 |
_aVancouver : _bUBC Press, _cc1993. |
||
| 300 |
_aviii, 179 p. : _bill. |
||
| 504 | _aIncludes bibliographical references and index. | ||
| 533 |
_aElectronic reproduction. _bPalo Alto, Calif. : _cebrary, _d2009. _nAvailable via World Wide Web. _nAccess may be limited to ebrary affiliated libraries. |
||
| 650 | 0 |
_aMerchant marine _zCanada _xHistory _y20th century. |
|
| 650 | 0 |
_aMerchant mariners _zCanada _vBiography. |
|
| 650 | 0 |
_aSteam-navigation _zCanada _xHistory. |
|
| 650 | 0 | _aSea stories. | |
| 650 | 0 |
_aAuthors, Canadian _y20th century _vBiography. |
|
| 650 | 0 |
_aShipping _zCanada _xHistory. |
|
| 655 | 7 |
_aElectronic books. _2local |
|
| 710 | 2 | _aebrary, Inc. | |
| 856 | 4 | 0 |
_uhttp://site.ebrary.com/lib/rucke/Doc?id=10153072 _zAn electronic book accessible through the World Wide Web; click to view |
| 999 |
_c192661 _d192661 |
||